000 00309nam a22001337a 4500
008 170831b xxu||||| |||| 00| 0 eng d
020 _a9781559345866
041 _aeng
080 _a070
100 _a40
101 _aMED
245 _aINTERCULTURAL COMMUNICATION IN CONTEXTS
_cMARTIN,J,N
942 _2udc
_cBK
999 _c25864
_d25864